000 004080000a22001570004500
005 20120302062637.0
942 _cBOOK
100 _a DR. BATTISRA A.O.
245 _a ENJOY WORK AND GET FUN OUT OF LIFE
250 _a 4TH
260 _aALLAHABAD: NETTER YOURSELF BOOKS
300 _a207P.
040 _aENG
365 _bRS.4.50
650 _aSANKIRNA / SELF IMPROVEMENT/ POSITIVE ATTITUDE/ WORK/ FATIGUE
999 _c357273
_d357270